[Event "III Open del Martedi' C"]
[Site "Torino ITA"]
[Date "2013.10.01"]
[Round "3"]
[White "Fiorito, Giovanni"]
[Black "Vozza, Augusto"]
[WhiteElo "1583"]
[BlackElo "1577"]
[Result "1/2-1/2"]
[PlyCount "60"]
[EventDate "2013.09.17"]

1. e4 c6 2. Nc3 d5 3. Nf3 Bg4 4. h3 Bxf3 5. Qxf3 dxe4 6. Nxe4 e6 7. Bc4 Be7 8.
c3 Nf6 9. Nxf6+ Bxf6 10. d4 Nd7 11. Bf4 Nb6 12. Bb3 Nd5 13. Bh2 Qb6 14. O-O O-O
15. Rfe1 a5 16. Re2 Qd8 17. Bc2 Ne7 18. Be5 Bxe5 19. dxe5 Ng6 20. Rd1 Qg5 21.
Bxg6 fxg6 22. Qe3 Qxe3 23. Rxe3 Rad8 24. Red3 Rd5 25. c4 Rxe5 26. Rd7 Re2 27.
Rxb7 Rfxf2 28. Rd8+ Rf8 29. Rdd7 Rff2 30. Rd8+ Rf8 1/2-1/2

[Event "III Open del Martedi' C"]
[Site "Torino ITA"]
[Date "2013.10.01"]
[Round "3"]
[White "Ingaramo, Alessandro"]
[Black "Chianale, Angelo"]
[WhiteElo "1628"]
[BlackElo "1491"]
[Result "1/2-1/2"]
[PlyCount "156"]
[EventDate "2013.09.17"]

1. c4 f5 2. Nc3 Nf6 3. Nf3 g6 4. g3 Bg7 5. Bg2 O-O 6. O-O d6 7. d3 Nc6 8. Rb1
e5 9. Bg5 h6 10. Bxf6 Qxf6 11. Nd5 Qf7 12. b4 Nd8 13. b5 b6 14. Nd2 Bb7 15. Nb3
Kh8 16. a4 a5 17. bxa6 Rxa6 18. Nd2 g5 19. Qb3 f4 20. Ne4 Ne6 21. e3 f3 22. Bh3
Bc8 23. Bxe6 Qxe6 24. Kh1 Qd7 25. Ra1 Bb7 26. Nb4 Ra5 27. Ra2 Rfa8 28. Nc3 h5
29. Rc1 Qh3 30. Rg1 h4 31. Qd1 hxg3 32. Rxg3 Qh5 33. e4 g4 34. Nbd5 Bxd5 35.
Nxd5 R5a7 36. Ne3 Bh6 37. Nxg4 Bg5 38. Qxf3 Kg7 39. Qf5 Qg6 40. Qd7+ Qf7 41.
Qxf7+ Kxf7 42. Ne3 Bxe3 43. Rxe3 Rxa4 44. Rxa4 Rxa4 45. Rg3 c6 46. h4 b5 47.
cxb5 cxb5 48. h5 Ra8 49. h6 Rh8 50. Rg7+ Kf6 51. Rb7 Rxh6+ 52. Kg2 Rg6+ 53. Kf3
Ke6 54. Rxb5 Rf6+ 55. Ke3 Rh6 56. f3 Rh3 57. Rb4 Rg3 58. d4 exd4+ 59. Rxd4 Ke5
60. Rd5+ Ke6 61. Kf4 Rg1 62. Rh5 Rg6 63. Ke3 Rg1 64. Rh6+ Ke7 65. Kf4 Rg8 66.
Ke3 Ra8 67. Kf2 Rf8 68. Kg3 Rg8+ 69. Kf2 Rf8 70. Rh4 Ra8 71. Rf4 Rg8 72. Rg4
Ra8 73. Kg3 Ra3 74. Rg5 Ke6 75. Kg4 Ra1 76. Rg6+ Ke5 77. f4+ Kxe4 78. Rxd6 Rg1+
1/2-1/2

[Event "III Open del Martedi' C"]
[Site "Torino ITA"]
[Date "2013.10.01"]
[Round "3"]
[White "Tomanin, Roberto"]
[Black "Liviabella, Lucio"]
[WhiteElo "1600"]
[BlackElo "1557"]
[Result "0-1"]
[PlyCount "132"]
[EventDate "2013.09.17"]

1. d4 c5 2. Bf4 cxd4 3. Qxd4 Nc6 4. Qd1 g6 5. Nf3 Bg7 6. c3 Nf6 7. e3 Qb6 8.
Qc2 Nh5 9. Bg5 d6 10. Bd3 h6 11. Bh4 Bg4 12. Nbd2 g5 13. Bg3 Nxg3 14. hxg3
O-O-O 15. Nc4 Qc7 16. Bf5+ Bxf5 17. Qxf5+ Qd7 18. Qxf7 Bf6 19. Qd5 Kb8 20. a4
Qc7 21. a5 a6 22. Nd4 Nxd4 23. cxd4 e5 24. O-O exd4 25. exd4 Rhe8 26. Rfe1
Rxe1+ 27. Rxe1 Qc6 28. Qxc6 bxc6 29. Re6 Bxd4 30. Nxd6 Bxb2 31. Nc4 Bd4 32.
Rxh6 Rf8 33. Ne3 Kc7 34. Rg6 Bxe3 35. fxe3 Rf5 36. Kh2 Rxa5 37. Kg1 Re5 38. Kf2
a5 39. e4 a4 40. Ke3 a3 41. Rg7+ Kb6 42. Rd7 a2 43. Rd1 Ra5 44. Ra1 Kc5 45. Kd3
Kb4 46. e5 Ka3 47. Re1 Ra8 48. Kc2 Re8 49. Re3+ Kb4 50. Kb2 Ra8 51. Rb3+ Kc5
52. Rc3+ Kd5 53. Rc1 Kxe5 54. Ka1 Ra6 55. Rc2 Kf5 56. Rc4 Kg6 57. g4 Kf6 58.
Rc5 Kg6 59. Rc2 Kf7 60. Rxa2 Rxa2+ 61. Kxa2 Ke6 62. Kb3 Ke5 63. Kc4 Kf4 64. Kc5
Kxg4 65. Kxc6 Kg3 66. Kd5 Kxg2 0-1

[Event "III Open del Martedi' C"]
[Site "Torino ITA"]
[Date "2013.10.01"]
[Round "3"]
[White "Vittoria, Giuseppe"]
[Black "Fassio, Francesco"]
[WhiteElo "1621"]
[BlackElo "1665"]
[Result "0-1"]
[PlyCount "68"]
[EventDate "2013.09.17"]

1. e4 e5 2. Nf3 Nf6 3. Nc3 Nc6 4. d3 d5 5. exd5 Nxd5 6. Bg5 f6 7. Bh4 Bb4 8.
Qd2 Bg4 9. a3 Be7 10. Be2 Nf4 11. O-O Nxe2+ 12. Nxe2 Bxf3 13. gxf3 Qd5 14. Kg2
O-O-O 15. Nc3 Qf7 16. Bg3 h5 17. h4 g5 18. Rh1 Qg6 19. Kf1 f5 20. hxg5 f4 21.
Bh4 Nd4 22. Qd1 Rhg8 23. Rg1 Nf5 24. Rh1 Nxh4 25. Rxh4 Qxg5 26. Rh1 Rg7 27. Ne4
Qg6 28. Ke2 Rdg8 29. b4 h4 30. c3 h3 31. Qa4 Kb8 32. Qb5 Qe6 33. Rab1 Rg2 34.
Nc5 Qa2+ 0-1

[Event "III Open del Martedi' C"]
[Site "Torino ITA"]
[Date "2013.10.08"]
[Round "4"]
[White "Chianale, Angelo"]
[Black "Vozza, Augusto"]
[WhiteElo "1491"]
[BlackElo "1577"]
[Result "1-0"]
[PlyCount "91"]
[EventDate "2013.09.17"]

1. e4 c6 2. d3 d6 3. f4 Nf6 4. Nf3 Bg4 5. h3 Bxf3 6. Qxf3 Nbd7 7. Nc3 e5 8. f5
Be7 9. Be2 h6 10. Bd2 Nh7 11. g4 Bh4+ 12. Kd1 Ng5 13. Qg2 Nb6 14. Be1 Bxe1 15.
Kxe1 f6 16. h4 Nf7 17. Kd2 Qe7 18. a4 a5 19. Rhb1 d5 20. exd5 Nxd5 21. Nxd5
cxd5 22. Qxd5 O-O 23. Rh1 Rfd8 24. Qb3 Rd7 25. Rag1 Kh8 26. Kc1 Qc5 27. Qc3 Qb6
28. g5 Rc7 29. Qd2 Rac8 30. Bd1 Qb3 31. c4 Qa2 32. b3 Qa1+ 33. Kc2 Qd4 34. gxf6
gxf6 35. Bh5 Rg8 36. Rxg8+ Kxg8 37. Qg2+ Kf8 38. Rg1 Ng5 39. hxg5 hxg5 40. Bf3
b6 41. Rh1 Rd7 42. Be4 Rc7 43. Qh2 Qxe4 44. Qh8+ Ke7 45. Rh7+ Kd6 46. Qf8+ 1-0

[Event "III Open del Martedi' C"]
[Site "Torino ITA"]
[Date "2013.10.08"]
[Round "4"]
[White "Ingaramo, Alessandro"]
[Black "Vittoria, Giuseppe"]
[WhiteElo "1628"]
[BlackElo "1621"]
[Result "1-0"]
[PlyCount "103"]
[EventDate "2013.09.17"]

1. c4 Nf6 2. Nc3 d6 3. Nf3 g6 4. d3 Bg7 5. g3 Nc6 6. Bg2 Bf5 7. O-O Qc8 8. Ne1
e5 9. Bg5 h6 10. Bxf6 Bxf6 11. Nd5 Bg7 12. b4 Be6 13. b5 Nd8 14. a4 c6 15. bxc6
bxc6 16. Ne3 Rb8 17. Rb1 O-O 18. Rb3 Bd7 19. Qb1 Rxb3 20. Qxb3 Ne6 21. N1c2 Nc5
22. Qa2 Qa6 23. a5 Rb8 24. Rb1 Rxb1+ 25. Qxb1 Qxa5 26. Qb8+ Bf8 27. Qa8 Qb6 28.
Kf1 Kg7 29. Nd1 Na4 30. Nce3 Be7 31. h4 h5 32. Kg1 a5 33. Kh2 Bf6 34. Bh3 Bxh3
35. Kxh3 Qc7 36. Qa6 Nc5 37. Qa8 Ne6 38. Nc3 Nd4 39. Ne4 Nxe2 40. Nxf6 Kxf6 41.
Qh8+ Ke7 42. Nf5+ gxf5 43. Qxh5 Nd4 44. Qg5+ Kd7 45. h5 Kc8 46. h6 Qd7 47. h7
f4+ 48. Qg4 f5 49. h8=Q+ Kc7 50. Qgg8 Qe7 51. Qb8+ Kd7 52. Qhc8# 1-0

[Event "III Open del Martedi' C"]
[Site "Torino ITA"]
[Date "2013.10.08"]
[Round "4"]
[White "Liviabella, Lucio"]
[Black "Fiorito, Giovanni"]
[WhiteElo "1557"]
[BlackElo "1583"]
[Result "0-1"]
[PlyCount "138"]
[EventDate "2013.09.17"]

1. e4 c5 2. Nf3 e6 3. d4 cxd4 4. Nxd4 a6 5. Nc3 Qc7 6. g3 b5 7. a3 Bb7 8. Bd3
Nf6 9. Bg5 Be7 10. O-O Nc6 11. Nde2 Ne5 12. Bf4 Bd6 13. f3 Qc5+ 14. Kg2 Be7 15.
b4 Qc7 16. Bxe5 Qxe5 17. f4 Qc7 18. Kh3 d5 19. e5 Nd7 20. Nb1 Nb6 21. c3 Nc4
22. Bxc4 Qxc4 23. Nd4 Rc8 24. Rf3 Kd7 25. Nd2 Qc7 26. Qf1 Qb8 27. Re1 Rc7 28.
Ree3 Rhc8 29. f5 Bg5 30. fxe6+ fxe6 31. Rf7+ Be7 32. Nb1 Rf8 33. Ref3 Rxf7 34.
Rxf7 Qg8 35. Rf2 Rc8 36. Rf3 Rf8 37. Nd2 Rxf3 38. Qxf3 Qf8 39. Qg4 Qf7 40. N2f3
h5 41. Qf4 Qg8 42. Kg2 g5 43. Qd2 Qg6 44. Qc2 Qxc2+ 45. Nxc2 d4 46. Kf2 Bxf3
47. Kxf3 dxc3 48. Ke3 Kc6 49. Nd4+ Kd5 50. Kd3 Kxe5 51. Nc6+ Kd6 52. Nxe7 Kxe7
53. Kxc3 Kd6 54. Kd4 g4 55. Ke4 e5 56. Kd3 Kd5 57. Ke3 e4 58. Kd2 Kd4 59. Ke2
e3 60. Ke1 Kd3 61. Kd1 e2+ 62. Ke1 Kc2 63. Kxe2 Kb3 64. Ke3 Kxa3 65. Kf4 Kxb4
66. Kg5 a5 67. Kxh5 a4 68. Kxg4 a3 69. h4 a2 0-1

[Event "III Open del Martedi' C"]
[Site "Torino ITA"]
[Date "2013.10.15"]
[Round "5"]
[White "Fiorito, Giovanni"]
[Black "Fassio, Francesco"]
[WhiteElo "1583"]
[BlackElo "1665"]
[Result "1/2-1/2"]
[PlyCount "97"]
[EventDate "2013.09.17"]

1. e4 e5 2. Nf3 Nf6 3. d4 Nxe4 4. Bd3 d5 5. Nxe5 Nd7 6. Nxd7 Bxd7 7. O-O Nf6 8.
Re1+ Be7 9. Qe2 Be6 10. Nc3 O-O 11. Bf4 c6 12. Nd1 Bd6 13. Bxd6 Qxd6 14. h3
Rfe8 15. Qf3 Bd7 16. Ne3 Qb4 17. Rab1 Qxd4 18. Qg3 Qb4 19. c3 Qf8 20. Qc7 b5
21. Nf5 Re6 22. Rxe6 fxe6 23. Nd4 Qb8 24. Qxb8+ Rxb8 25. f4 c5 26. Nf3 c4 27.
Bc2 a5 28. Kf2 b4 29. cxb4 axb4 30. Ke3 b3 31. axb3 cxb3 32. Bd3 h6 33. Rc1 Rc8
34. Ra1 Kf8 35. Ne5 Ke7 36. Ra7 Kd6 37. Kd4 g5 38. fxg5 hxg5 39. Nf7+ Ke7 40.
Nxg5 e5+ 41. Ke3 e4 42. Bb5 Rc2 43. Nh7 Nxh7 44. Rxd7+ Kf6 45. Rxh7 Rxg2 46.
Rh6+ Kf7 47. Ba4 Rxb2 48. Bxb3 Rxb3+ 49. Kd4 1/2-1/2

[Event "III Open del Martedi' C"]
[Site "Torino ITA"]
[Date "2013.10.15"]
[Round "5"]
[White "Tomanin, Roberto"]
[Black "Ingaramo, Alessandro"]
[WhiteElo "1600"]
[BlackElo "1628"]
[Result "1/2-1/2"]
[PlyCount "107"]
[EventDate "2013.09.17"]

1. d4 d5 2. Bf4 Nf6 3. e3 Nc6 4. h3 Bf5 5. c3 e6 6. Bd3 Ne4 7. Nf3 Bd6 8. Ne5
O-O 9. Nxc6 bxc6 10. Bxd6 cxd6 11. Nd2 Nxf2 12. Kxf2 Bxd3 13. Qg4 Qf6+ 14. Qf3
Qxf3+ 15. gxf3 e5 16. dxe5 dxe5 17. Nb3 Rab8 18. Nc5 Rxb2+ 19. Kg3 Bg6 20. h4
f6 21. Rhd1 Bf7 22. e4 Rd8 23. Rdb1 Rxb1 24. Rxb1 dxe4 25. fxe4 Bxa2 26. Ra1
Rd2 27. Na6 Bc4 28. Nb4 c5 29. Nc6 Rd3+ 30. Kf2 Rxc3 31. Rxa7 Rc2+ 32. Kg3 Rc3+
33. Kf2 h6 34. Ne7+ Kf8 35. Ng6+ Ke8 36. Rxg7 Rc2+ 37. Kg3 Bf1 38. h5 Rg2+ 39.
Kf3 Rg5 40. Re7+ Kd8 41. Rf7 Rxh5 42. Rxf6 c4 43. Ke3 Rh3+ 44. Kd2 Rd3+ 45. Kc2
Rg3 46. Nxe5 Bg2 47. Nxc4 Bxe4+ 48. Kd2 Rd3+ 49. Ke2 h5 50. Rd6+ Rxd6 51. Nxd6
Bc6 52. Nf5 Kd7 53. Ke3 Bd5 54. Kf4 1/2-1/2

[Event "III Open del Martedi' C"]
[Site "Torino ITA"]
[Date "2013.10.15"]
[Round "5"]
[White "Vittoria, Giuseppe"]
[Black "Chianale, Angelo"]
[WhiteElo "1621"]
[BlackElo "1491"]
[Result "0-1"]
[PlyCount "54"]
[EventDate "2013.09.17"]

1. e4 d5 2. exd5 Qxd5 3. Nc3 Qd6 4. Nf3 Bg4 5. Be2 Nf6 6. d3 a6 7. O-O Nc6 8.
Bg5 O-O-O 9. h3 Bh5 10. a3 h6 11. Bh4 e6 12. Bg3 Qe7 13. Qc1 g5 14. Ne5 Nxe5
15. Bxh5 Nxh5 16. Bxe5 f6 17. Bh2 f5 18. Qd1 Nf6 19. f3 h5 20. Qe2 g4 21. fxg4
hxg4 22. hxg4 Nxg4 23. Be5 Rh1+ 24. Kxh1 Qh4+ 25. Kg1 Bc5+ 26. d4 Bxd4+ 27.
Bxd4 Qh2# 0-1

[Event "III Open del Martedi' C"]
[Site "Torino ITA"]
[Date "2013.10.15"]
[Round "5"]
[White "Vozza, Augusto"]
[Black "Liviabella, Lucio"]
[WhiteElo "1577"]
[BlackElo "1557"]
[Result "0-1"]
[PlyCount "80"]
[EventDate "2013.09.17"]

1. e4 c5 2. Nf3 Nc6 3. Bb5 d6 4. Bxc6+ bxc6 5. Nc3 g6 6. d3 Bg7 7. Bd2 Nf6 8.
h3 O-O 9. O-O Bd7 10. Re1 Qc8 11. Bf4 e5 12. Be3 Rb8 13. Rb1 Nh5 14. Qd2 f5 15.
Bh6 f4 16. Bxg7 Kxg7 17. Kf1 h6 18. Ke2 g5 19. b3 g4 20. Nh4 gxh3 21. gxh3 Kh7
22. Rg1 Bxh3 23. Nf5 Bxf5 24. exf5 d5 25. Rbe1 Rxf5 26. Kd1 Qf8 27. Rg2 c4 28.
Rh1 cxd3 29. cxd3 Qf7 30. Rgh2 Rg8 31. Qe2 Rfg5 32. Qc2 Qg6 33. Ne2 Kg7 34. Qc5
Rf8 35. f3 Qxd3+ 36. Ke1 Qg6 37. Qc3 d4 38. Qd2 d3 39. Nc3 Rg1+ 40. Kf2 Qg3#
0-1

[Event "III Open del Martedi' C"]
[Site "Torino ITA"]
[Date "2013.10.22"]
[Round "6"]
[White "Chianale, Angelo"]
[Black "Liviabella, Lucio"]
[WhiteElo "1491"]
[BlackElo "1557"]
[Result "0-1"]
[PlyCount "100"]
[EventDate "2013.09.17"]

1. e4 c5 2. Nf3 Nc6 3. d3 d6 4. g3 g6 5. Bg2 Bg4 6. O-O Bg7 7. c3 Qc8 8. Re1
Nf6 9. Nbd2 Bh3 10. Nf1 Bg4 11. Ne3 Bd7 12. h4 h6 13. Nf1 b6 14. Bf4 e5 15. Bd2
Nh7 16. Rc1 g5 17. hxg5 hxg5 18. Nxg5 Nxg5 19. Bxg5 Bh3 20. Qf3 f6 21. Bxf6 Bg4
22. Qe3 Bxf6 23. f4 Qd7 24. f5 Qg7 25. Rc2 Bg5 26. Qf2 O-O-O 27. Nh2 Bh5 28. b4
Qh7 29. a4 Be2 30. Qxe2 Qxh2+ 31. Kf2 Qh5 32. Bf3 Qf7 33. b5 Na5 34. d4 exd4
35. cxd4 Qb3 36. e5 Qxa4 37. Qe4 d5 38. Qd3 c4 39. Qd1 Qxb5 40. f6 Qe8 41. Rh1
Rxh1 42. Qxh1 Qg6 43. Re2 Qd3 44. f7 Qxd4+ 45. Kf1 Be7 46. Qh3+ Kc7 47. Qe6 Nc6
48. Bg4 Qc5 49. f8=Q Rxf8+ 50. Ke1 Rd8 0-1

[Event "III Open del Martedi' C"]
[Site "Torino ITA"]
[Date "2013.10.22"]
[Round "6"]
[White "Fassio, Francesco"]
[Black "Vozza, Augusto"]
[WhiteElo "1665"]
[BlackElo "1577"]
[Result "1/2-1/2"]
[PlyCount "64"]
[EventDate "2013.09.17"]

1. d4 c6 2. c4 d5 3. Nc3 Nf6 4. Nf3 dxc4 5. e4 b5 6. a4 b4 7. e5 Nd5 8. Ne4 e6
9. Bxc4 h6 10. O-O Be7 11. a5 Ba6 12. Qe2 Bxc4 13. Qxc4 a6 14. Nfd2 Qc7 15. Nb3
Nd7 16. Bd2 O-O 17. Rfc1 Rfc8 18. Nbc5 Nxc5 19. Nxc5 Bxc5 20. Qxc5 Rab8 21. Qc4
Rb5 22. b3 Rxa5 23. Bxb4 Rxa1 24. Rxa1 Qb7 25. Bd2 Qb5 26. Rxa6 Rb8 27. Qxb5
Rxb5 28. Rxc6 Rxb3 29. Be1 Rd3 30. Rc4 Nb6 31. Rb4 Nd5 32. Rc4 Nb6 1/2-1/2

[Event "III Open del Martedi' C"]
[Site "Torino ITA"]
[Date "2013.10.22"]
[Round "6"]
[White "Ingaramo, Alessandro"]
[Black "Fiorito, Giovanni"]
[WhiteElo "1628"]
[BlackElo "1583"]
[Result "1-0"]
[PlyCount "69"]
[EventDate "2013.09.17"]

1. d4 Nf6 2. Nf3 c5 3. e3 d5 4. c4 Bg4 5. h3 Bxf3 6. Qxf3 cxd4 7. exd4 e6 8. c5
Nc6 9. Bb5 g6 10. O-O Bg7 11. Bg5 h6 12. Bf4 O-O 13. Bxc6 bxc6 14. Nc3 Nd7 15.
Qe3 g5 16. Bd6 Re8 17. Qd3 e5 18. dxe5 Nxe5 19. Qg3 f5 20. f4 Nc4 21. fxg5 Nxd6
22. gxh6 Qf6 23. cxd6 Qxh6 24. Rxf5 Re3 25. Qg5 d4 26. Na4 Qxd6 27. Raf1 Rg3
28. Qc1 d3 29. Qc4+ Kh7 30. Rh5+ Bh6 31. Rf7+ Kg6 32. Rxh6+ Kxh6 33. Qh4+ Kg6
34. Qh7+ Kg5 35. Qf5+ 1-0

[Event "III Open del Martedi' C"]
[Site "Torino ITA"]
[Date "2013.10.22"]
[Round "6"]
[White "Vittoria, Giuseppe"]
[Black "Tomanin, Roberto"]
[WhiteElo "1621"]
[BlackElo "1600"]
[Result "1-0"]
[PlyCount "113"]
[EventDate "2013.09.17"]

1. e4 e5 2. Nf3 Nc6 3. Bb5 Nd4 4. Nxd4 exd4 5. c3 Qg5 6. Bf1 Bc5 7. d3 Qe5 8.
Be2 d6 9. O-O Ne7 10. c4 Be6 11. Nd2 O-O 12. Nf3 Qf6 13. Bg5 Qg6 14. Bxe7 Rfe8
15. Bh4 f5 16. exf5 Bxf5 17. Bg3 Rxe2 18. Nh4 Qe6 19. Nxf5 Re8 20. Nh4 Rxb2 21.
Nf3 h6 22. Re1 Qg6 23. Rxe8+ Qxe8 24. Nd2 Bb4 25. Ne4 Qg6 26. Kf1 Qf5 27. Qc1
Bc3 28. Rb1 Rxa2 29. Rxb7 Qa5 30. Rb8+ Kh7 31. Rb1 Qf5 32. Qf4 Qh5 33. Qf3 Qa5
34. Qd1 Qf5 35. f3 h5 36. Qc1 Kg6 37. Bh4 Bd2 38. Nxd2 Qxd3+ 39. Kg1 Rxd2 40.
Qf1 Qc3 41. Be1 Qe3+ 42. Bf2 Qc3 43. Rc1 Rc2 44. Rxc2 Qxc2 45. Bxd4 c5 46. Be3
a5 47. Qc1 Qd3 48. Qd2 Qxd2 49. Bxd2 a4 50. Bc3 Kf7 51. Kf2 g6 52. Ke3 Ke6 53.
Ke4 g5 54. h3 a3 55. g3 a2 56. g4 hxg4 57. hxg4 1-0

[Event "III Open del Martedi' C"]
[Site "Torino ITA"]
[Date "2013.10.29"]
[Round "7"]
[White "Liviabella, Lucio"]
[Black "Fassio, Francesco"]
[WhiteElo "1557"]
[BlackElo "1665"]
[Result "1-0"]
[PlyCount "108"]
[EventDate "2013.09.17"]

1. e4 e5 2. Bc4 Nf6 3. Qe2 Nc6 4. Nf3 Bc5 5. Bxf7+ Kxf7 6. Qc4+ Ke8 7. Qxc5 d6
8. Qe3 h6 9. h3 Be6 10. d3 Rf8 11. Bd2 Qd7 12. a3 Ke7 13. Nc3 a6 14. Nh4 Qe8
15. g4 Nd4 16. O-O-O Nh7 17. Nf5+ Bxf5 18. gxf5 Qh5 19. h4 Nf6 20. Qg3 Qf7 21.
Qg2 b5 22. Nd5+ Nxd5 23. exd5 Nxf5 24. f4 exf4 25. Rde1+ Kd8 26. Bxf4 Ne7 27.
Rhf1 Qe8 28. Qxg7 Rf7 29. Qxh6 Qf8 30. Qxf8+ Rxf8 31. Re4 Kd7 32. Rfe1 Nxd5 33.
Bg5 c5 34. c4 Nb6 35. cxb5 axb5 36. Re7+ Kc6 37. R7e6 Nd5 38. h5 Rf5 39. Rg6
Raf8 40. Ree6 Rf1+ 41. Kc2 R8f2+ 42. Kb3 c4+ 43. dxc4 Rf3+ 44. Ka2 bxc4 45.
Rxd6+ Kc5 46. Bd2 R3f2 47. Rc6+ Kd4 48. Rg4+ Kd3 49. Ba5 c3 50. Rg3+ Rf3 51.
Rxf3+ Rxf3 52. Bxc3 Rf2 53. h6 Rh2 54. a4 Ke4 1-0

[Event "III Open del Martedi' C"]
[Site "Torino ITA"]
[Date "2013.10.29"]
[Round "7"]
[White "Tomanin, Roberto"]
[Black "Chianale, Angelo"]
[WhiteElo "1600"]
[BlackElo "1491"]
[Result "0-1"]
[PlyCount "82"]
[EventDate "2013.09.17"]

1. d4 f5 2. Bf4 Nf6 3. e3 g6 4. Nf3 d6 5. c3 Bg7 6. h3 O-O 7. Nbd2 h6 8. h4 Nc6
9. Bd3 Ng4 10. Bc2 e5 11. dxe5 dxe5 12. Bg3 Qf6 13. O-O f4 14. Ne4 Qe7 15. exf4
exf4 16. Bh2 Nce5 17. g3 Nxf3+ 18. Qxf3 fxg3 19. Qxg3 Be5 20. f4 Nxh2 21. fxe5
Rxf1+ 22. Rxf1 Nxf1 23. Qxg6+ Qg7 24. Nf6+ Kh8 25. Kxf1 Qxg6 26. Bxg6 Kg7 27.
h5 Be6 28. Kf2 Rd8 29. Ke3 Bxa2 30. Bf5 Rd1 31. Ne8+ Kf8 32. Nxc7 Ke7 33. Nb5
a5 34. Nd4 Rh1 35. Bg4 Bb1 36. Nb3 a4 37. Nc5 b5 38. Nd7 Rh2 39. Nf6 Ba2 40.
Be2 Bc4 41. Bxc4 bxc4 0-1

[Event "III Open del Martedi' C"]
[Site "Torino ITA"]
[Date "2013.10.29"]
[Round "7"]
[White "Vozza, Augusto"]
[Black "Ingaramo, Alessandro"]
[WhiteElo "1577"]
[BlackElo "1628"]
[Result "1-0"]
[PlyCount "57"]
[EventDate "2013.09.17"]

1. e4 d5 2. exd5 Nf6 3. d4 Nxd5 4. Nf3 Bg4 5. Bc4 e6 6. O-O Bd6 7. Bxd5 exd5 8.
Re1+ Kd7 9. Ne5+ Bxe5 10. Qxg4+ Kc6 11. dxe5 g6 12. Nc3 a6 13. Bg5 Qd7 14. e6
Qc8 15. Rad1 b5 16. Nxd5 Kb7 17. Qf3 Ka7 18. Be3+ c5 19. Qxf7+ Nd7 20. Qxd7+
Qxd7 21. exd7 Kb7 22. Bxc5 Rad8 23. Nf4 Kc6 24. Bd4 Rhg8 25. Re6+ Kb7 26. Bb6
g5 27. Nh5 Rgf8 28. Bxd8 Rxd8 29. Re8 1-0

[Event "Torneo Internazionale"]
[Site "Bucarest ROU"]
[Date "2013.10.14"]
[Round "8"]
[White "Ponomariov, Ruslan"]
[Black "Caruana, Fabiano"]
[WhiteElo "2751"]
[BlackElo "2779"]
[Result "0-1"]
[PlyCount "86"]
[EventDate "2013.10.07"]

1. e4 c5 2. Nf3 e6 3. g3 Nc6 4. Bg2 Nf6 5. Qe2 e5 6. O-O Be7 7. c3 O-O 8. d4
cxd4 9. cxd4 d5 10. exd5 Nxd4 11. Nxd4 exd4 12. Qe5 d3 13. Nc3 Re8 14. Bf4 Ba3
15. Qd4 Bxb2 16. Qxd3 Bxa1 17. Rxa1 Bd7 18. h3 Rc8 19. Be3 Bf5 20. Qxf5 Rxc3
21. Bd4 Rc4 22. Rd1 Qd6 23. Bf1 Rb4 24. Bc3 Rbe4 25. Bb5 Qc5 26. Bxf6 Re1+ 27.
Kh2 Rxd1 28. Bxe8 Rxd5 29. Be5 Rxe5 30. Qxf7+ Kh8 31. Bd7 Qe7 32. Qf4 Qf6 33.
Qd2 b5 34. Bg4 h5 35. Bd1 h4 36. Bg4 Re8 37. gxh4 Qxh4 38. Kg2 Qe7 39. Bf3 Rd8
40. Qf4 Qf6 41. Qg4 g6 42. Qe4 Qg5+ 43. Kf1 a5 0-1

[Event "XIV Weekend A"]
[Site "Nichelino ITA"]
[Date "2013.10.04"]
[Round "1"]
[White "Cacinschi, Alexandru"]
[Black "Briata, Federico"]
[WhiteElo "2065"]
[BlackElo "1891"]
[Result "1-0"]
[PlyCount "57"]
[EventDate "2013.10.04"]

1. c4 Nf6 2. Nc3 d5 3. cxd5 Nxd5 4. g3 g6 5. Bg2 Nb6 6. d4 Bg7 7. Nf3 O-O 8. e4
Na6 9. O-O c5 10. d5 e5 11. h3 Nc4 12. b3 Nd6 13. Bg5 f6 14. Bc1 b5 15. Nd2 Qa5
16. Bb2 c4 17. a4 b4 18. Nb5 Nxb5 19. Nxc4 Qc7 20. axb5 Nc5 21. b6 Qb7 22. bxa7
Rxa7 23. Qc2 Bd7 24. Nxe5 Rxa1 25. Bxa1 Nxb3 26. Nxd7 Nxa1 27. Qc6 Qa7 28. Nxf8
Bxf8 29. Qxf6 1-0

[Event "XIV Weekend A"]
[Site "Nichelino ITA"]
[Date "2013.10.04"]
[Round "1"]
[White "Damia, Angelo"]
[Black "Gastaldello, Lorenzo"]
[WhiteElo "2188"]
[BlackElo "1970"]
[Result "1-0"]
[PlyCount "147"]
[EventDate "2013.10.04"]

1. e4 c6 2. Nc3 d5 3. Nf3 Bg4 4. Be2 Nf6 5. e5 Nfd7 6. d4 e6 7. Nd2 Bf5 8. O-O
c5 9. Nf3 Nc6 10. Nb5 a6 11. Nd6+ Bxd6 12. exd6 O-O 13. c4 dxc4 14. Bxc4 Nxd4
15. Nxd4 cxd4 16. Qxd4 Rc8 17. Be2 Qf6 18. Be3 e5 19. Qb4 a5 20. Qa3 Qg6 21.
Rfc1 Be4 22. f3 Bc6 23. Rd1 Qc2 24. Rd2 Qa4 25. Qxa4 Bxa4 26. b3 Bc6 27. Rc1 h6
28. Rdc2 Rfd8 29. Bb5 Nb8 30. Bb6 Rxd6 31. Bxa5 Rd5 32. Rc5 Rxc5 33. Rxc5 Re8
34. Bc7 Bxb5 35. Rxb5 Rc8 36. Rxb7 Na6 37. Bxe5 Rc1+ 38. Kf2 Rc2+ 39. Kg3 Rxa2
40. Bd6 Rc2 41. Rb6 Nc5 42. Rb4 Nd3 43. Rb8+ Kh7 44. Rb7 Kg6 45. Rb6 Kh7 46.
Bb4 Nxb4 47. Rxb4 g6 48. h4 Kg7 49. Rb8 Rc3 50. b4 Rc2 51. b5 Rc4 52. b6 Rb4
53. f4 Kf6 54. Kf3 h5 55. Ke3 Kf5 56. Kd3 Kxf4 57. Kc3 Rb1 58. Kc4 Kg3 59. Kc5
Rc1+ 60. Kd6 Rd1+ 61. Ke7 f5 62. Rg8 Rb1 63. Rxg6+ Kxh4 64. Kd7 f4 65. Kc7 Rc1+
66. Rc6 Rxc6+ 67. Kxc6 Kg3 68. b7 Kxg2 69. b8=Q f3 70. Qg8+ Kf1 71. Kd5 f2 72.
Ke4 Ke1 73. Qg3 Ke2 74. Qd3+ 1-0

[Event "XIV Weekend A"]
[Site "Nichelino ITA"]
[Date "2013.10.04"]
[Round "1"]
[White "Llupa, Oltjon"]
[Black "Boschetti, Claudio"]
[WhiteElo "1939"]
[BlackElo "2147"]
[Result "1-0"]
[PlyCount "75"]
[EventDate "2013.10.04"]

1. d4 Nf6 2. c4 e5 3. dxe5 Ng4 4. Nf3 Bc5 5. e3 Nc6 6. Be2 O-O 7. O-O Re8 8. b3
Ngxe5 9. Bb2 Nxf3+ 10. Bxf3 Ne5 11. Be2 a5 12. Qd5 d6 13. Nc3 Bd7 14. a3 Bc6
15. Qd2 Qg5 16. Nd5 Ng4 17. b4 Ba7 18. Bf3 Ne5 19. Bxe5 Rxe5 20. b5 Bxd5 21.
Bxd5 Bb6 22. Bxb7 Rb8 23. Bd5 Rxe3 24. Rae1 Re5 25. Qxg5 Rxg5 26. Re7 Rf5 27.
g4 Rf4 28. Kg2 g5 29. f3 Kg7 30. Rfe1 Rf8 31. Rd7 Rd4 32. Ree7 Rd2+ 33. Kh3 Bg1
34. Bxf7 Rxh2+ 35. Kg3 Rxf7 36. Rxf7+ Kg6 37. Rfe7 Kf6 38. Re1 1-0

[Event "XIV Weekend A"]
[Site "Nichelino ITA"]
[Date "2013.10.04"]
[Round "1"]
[White "Manunta, Andrea"]
[Black "D'Ingiullo, Roberto"]
[WhiteElo "1912"]
[BlackElo "2110"]
[Result "1/2-1/2"]
[PlyCount "52"]
[EventDate "2013.10.04"]

1. d4 Nf6 2. Nf3 e6 3. e3 Be7 4. b3 b6 5. Bb2 O-O 6. Bd3 c5 7. Nbd2 Nc6 8. O-O
d6 9. a3 Re8 10. c4 Bf8 11. Qc2 e5 12. Rad1 Bg4 13. d5 Ne7 14. h3 Bh5 15. Rfe1
Bg6 16. e4 Nh5 17. g3 Qd7 18. Kh2 Nf6 19. Rg1 Bh5 20. Be2 a6 21. a4 Bg6 22. Bd3
Reb8 23. Nf1 Ne8 24. Ne3 Nc7 25. Bc3 Nc8 26. Nd2 b5 1/2-1/2

[Event "XIV Weekend A"]
[Site "Nichelino ITA"]
[Date "2013.10.04"]
[Round "1"]
[White "Melone, Antonio"]
[Black "Brandola, Davide"]
[WhiteElo "2129"]
[BlackElo "1912"]
[Result "1-0"]
[PlyCount "113"]
[EventDate "2013.10.04"]

1. d4 Nf6 2. c4 e6 3. Nc3 c5 4. d5 exd5 5. cxd5 d6 6. e4 g6 7. f3 Bg7 8. Be3
O-O 9. Qd2 Re8 10. Nge2 Nbd7 11. Nc1 a6 12. a4 Ne5 13. Be2 b6 14. O-O Rb8 15.
Rb1 Qc7 16. b3 Bb7 17. h3 Qe7 18. g4 Rec8 19. f4 Ned7 20. Bf3 Ba8 21. N1e2 b5
22. axb5 axb5 23. Ng3 b4 24. Nce2 Re8 25. e5 dxe5 26. d6 Qd8 27. Bxa8 Rxa8 28.
f5 Ra6 29. g5 Nh5 30. fxg6 hxg6 31. Nxh5 gxh5 32. Ng3 Qa8 33. Nxh5 Qe4 34. Qf2
Qg6 35. Ng3 Rxd6 36. Rbd1 Rxd1 37. Rxd1 Qe6 38. Nf5 Bf8 39. Kh2 e4 40. Qf4 Ne5
41. Qxe4 Qxb3 42. Rg1 Re6 43. Nh6+ Kg7 44. Qf4 Rg6 45. Qxe5+ Kh7 46. Nxf7 Qc2+
47. Rg2 Qc3 48. Qxc3 bxc3 49. h4 Kg7 50. Nh6 Re6 51. Rc2 Kg6 52. Rxc3 Bg7 53.
Ra3 Re4 54. Ra6+ Kh5 55. Bf2 c4 56. Nf5 Be5+ 57. Kh3 1-0

[Event "XIV Weekend A"]
[Site "Nichelino ITA"]
[Date "2013.10.04"]
[Round "1"]
[White "Mrdja, Milan"]
[Black "Di Chiara, Mauro"]
[WhiteElo "2389"]
[BlackElo "2011"]
[Result "1-0"]
[PlyCount "51"]
[EventDate "2013.10.04"]

1. e4 c5 2. Nf3 Nc6 3. Bb5 g6 4. h3 Bg7 5. Bxc6 dxc6 6. e5 f6 7. Qe2 fxe5 8. d3
e4 9. Qxe4 Nf6 10. Qh4 Bf5 11. O-O h5 12. Nc3 Nd5 13. Bd2 Qd7 14. Rfe1 Bf6 15.
Qc4 Qd6 16. Ne4 Bxe4 17. Qxe4 O-O-O 18. Ne5 Bxe5 19. Qxe5 Kd7 20. Qe4 Rdf8 21.
c4 Nf4 22. Bc3 Nxh3+ 23. gxh3 Rxf2 24. Be5 Qe6 25. Kxf2 Rf8+ 26. Kg2 1-0